Informe-presentación sobre la expedición a Rumania: Arqueología e historia da cidade antiga-campanhas na Dacia 2004
Bewaard in:
| Hoofdauteur: | |
|---|---|
| Formaat: | Boek |
| Taal: | Spaans Portugees |
| Gepubliceerd in: |
Viña del Mar
Pontificia Universidad Católica de Valparaíso
2004
|
| Onderwerpen: | |
| Tags: |
Voeg label toe
Geen labels, Wees de eerste die dit record labelt!
|
MARC
| LEADER | 00000nam a2200000 a 4500 | ||
|---|---|---|---|
| 001 | UCG1147 | ||
| 003 | CL-VaPUC | ||
| 005 | 20211020074459.0 | ||
| 008 | 100422e20040000cl 1 spa d | ||
| 041 | 0 | 7 | |a spa |2 CL-VaPUC |
| 041 | 0 | 7 | |a por |2 CL-VaPUC |
| 082 | 0 | 4 | |a 709.01 |b MAR |2 21 |
| 100 | 1 | |a Marshall, Francisco |e author |9 621559 | |
| 245 | 1 | 0 | |a Informe-presentación sobre la expedición a Rumania: Arqueología e historia da cidade antiga-campanhas na Dacia 2004 |
| 246 | 1 | 0 | |a XXI Semana de Estudios Romanos |
| 260 | |a Viña del Mar |b Pontificia Universidad Católica de Valparaíso |c 2004 | ||
| 300 | |a 1 VHS | ||
| 583 | |a last modification |c 20180417 03:53:19 |k Rodrigo Vera | ||
| 650 | 0 | 0 | |a Civilizaciones antiguas |9 265998 |
| 650 | 0 | 7 | |a CULTURA CLASICA |2 CL-VaPUC |9 592909 |
| 650 | 0 | 7 | |a CULTURA ROMANA |2 CL-VaPUC |9 344826 |
| 650 | 0 | 7 | |a ROMA CLASICA |2 CL-VaPUC |9 621560 |
| 942 | |c BK | ||
| 945 | |a dcastane |d 20100422 00:00:00 | ||
| 546 | |a En Español | ||
| 546 | |a En Portugués | ||
| 536 | |a Pontificia Universidad Católica de Valparaíso. Instituto de Historia | ||
| 518 | |p Semana de Estudios Romanos, 21, Viña del Mar, 26 al 29 octubre 2004 | ||
| 999 | |c 384518 |d 384516 | ||
| 952 | |0 0 |1 0 |4 0 |6 709_010000000000000_MAR_2004 |7 0 |8 R |9 507307 |a BIBHIS |b BIBHIS |d 2020-01-23 |h vhs |i 4613538 |o 709.01 MAR 2004 |p 4613538 |r 2020-01-23 |w 2020-01-23 |y BK_R |k HIS | ||